| 000 | 00798nam a22002297a 4500 | ||
|---|---|---|---|
| 999 |
_c5084 _d5084 |
||
| 003 | AR-CdUCM | ||
| 008 | 190311b ||||| |||| 00| 0 spa d | ||
| 040 |
_aMUNICIPALIDAD PROVINCIAL DEL CUSCO _cBIBLIOTECA MUNICIPAL DEL CUSCO |
||
| 082 |
_28ed. _a915 / _bST78 |
||
| 100 |
_aStamp, Dudley L. _915482 |
||
| 245 |
_aAsia : _bUna Geografía Regional y Económica / |
||
| 260 |
_aBarcelona : _bEdiciones Omega ; _c1950. |
||
| 300 |
_a757 páginas ; _bFotografías, mapas _c23cm |
||
| 505 | _aContenido: El continente asiático -- Los países de Asia. | ||
| 650 |
_aAsia _93888 |
||
| 650 |
_aGeografía _9318 |
||
| 650 |
_aEconomía _9382 |
||
| 700 |
_aBallester Escalas, R. (traducción) _915483 |
||
| 700 |
_aCondeminas Abós, Eduardo (traducción) _915484 |
||
| 942 |
_2ddc _cLIBROS |
||
| 945 | _anom | ||